Theory and problems of Programming with advance structured COBAL: (Record no. 5050)

MARC details
000 -LEADER
fixed length control field 00565nam a22001697a 4500
005 - DATE AND TIME OF LATEST TRANSACTION
control field 20180205103556.0
008 - FIXED-LENGTH DATA ELEMENTS--GENERAL INFORMATION
fixed length control field 160701b xxu||||| |||| 00| 0 eng d
020 ## - INTERNATIONAL STANDARD BOOK NUMBER
ISBN 0-07-099146-4
041 ## - LANGUAGE CODE
Language code of text/sound track or separate title eng
082 ## - DEWEY DECIMAL CLASSIFICATION NUMBER
Item number 20324
Classification number 005.133
100 ## - MAIN ENTRY--AUTHOR NAME
Personal name Newcomer, Lawrence R.
245 ## - TITLE STATEMENT
Title Theory and problems of Programming with advance structured COBAL:
Remainder of title with file processing structured system development and interactive considerations
260 ## - PUBLICATION, DISTRIBUTION, ETC. (IMPRINT)
Name of publisher Schaums Outlines series
Place of publication new york
Year of publication 1987
300 ## - PHYSICAL DESCRIPTION
Number of Pages 342
650 ## - SUBJECT ADDED ENTRY--TOPICAL TERM
Topical Term Information Technology
942 ## - ADDED ENTRY ELEMENTS (KOHA)
Koha item type Books
Holdings
Lost status Damaged status Collection code Home library Current library Shelving location Date acquired Full call number Accession Number Koha item type
    CS/IT JRU Library JRU Library SHELF-50-B 01/07/2016 005.133 20324 Books